00859nam a2200253 i 450000100060000000300090000600500170001500700030003200800410003502000180007604000220009408000120011610000260012824501120015425000120026626000340027830000220031250400340033465000270036870000380039585200330043399900170046695201220048366717ES-MaACL20230906165809.0t|010122s2002 sp ||||0| spa j a84-254-2100-4 aM-BN bspa cM-BN a167/1681 aGrondin, Jean.96013110aIntroducción a la hermenéutica filosófica / cJean Grondin ; traducción, Angela Ackermann Pilári. a2ª ed. aBarcelona : bHerder, c2002. a269 p. ; c22 cm. aBibliografía: p. [201]-265. 4aHermenéutica.9133291 aAckerman Pilári, Angela.918279 aES-MaACLjL-27206 bR.132858 c66717d66717 00104070aATENEOMbATENEOMcDEPO2d2008-01-17eSCl0oL-27206p1069883r2023-02-23 00:00:00w2023-02-23yMONOGRAFIA